Sparks Fly lyrics - Statistics

General Stats
  • This quiz has been taken 150 times
  • The average score is 291 of 344
Answer Stats
Lyrics % Correct
fly
100%
I
100%
see
100%
sparks
100%
a
99%
no
99%
you
99%
You
99%
you,
99%
me
97%
me,
97%
The
97%
the
97%
when
97%
When
97%
your
97%
You're
97%
you're
97%
that'll
96%
around
94%
not
94%
on
94%
'Cause
93%
go
93%
My
93%
my
93%
'Cause
91%
in
91%
smile
91%
whenever
91%
down
90%
eyes,
90%
eyes
90%
away
88%
Kiss
88%
rain
88%
sidewalk,
88%
something
88%
baby,
87%
lights
87%
meet
87%
pain
87%
take
87%
And
85%
and
85%
But
85%
I'm
85%
is
85%
pouring
85%
those
85%
as
84%
green
84%
it
84%
way
84%
with
84%
everything
82%
now,
82%
of
82%
that
82%
to
82%
what
82%
Drop
81%
drop
81%
Gimme
81%
haunt
81%
it's
81%
It's
81%
like
81%
be
78%
for
76%
know
76%
could
75%
get
75%
Get
75%
there
75%
move
74%
cards
72%
house
72%
rainstorm
72%
full
71%
just
71%
Just
71%
kind
71%
touch
71%
was
71%
close
68%
Close
68%
couldn't
68%
enough
68%
run
68%
thinking
68%
far
66%
oh,
66%
really
66%
won't
66%
would
66%
bad
65%
better
65%
front
65%
idea
65%
mind
65%
feel
63%
hope
63%
kinda
63%
make
63%
once
63%
remind
63%
rest
63%
by
62%
good
62%
hair
62%
reckless
62%
send
62%
stood
62%
than
62%
keep
60%
running
60%
through
60%
wish
60%
world
60%
fingers
59%
forgets
59%
Gimme
59%
that'll
59%
watch
59%
captivated
57%
even
57%
keeping
57%
right
57%
show
57%
wait
57%
patiently,
56%
should
56%
fireworks
54%
guard
54%
slow
54%
staircase,
53%
whisper
53%
find
51%
soft
51%
wild
51%
imagined
50%
up
50%
wrong
47%
lead
43%
No matching quizzes found
Score Distribution
Percent of People with Each Score
Percentile by Number Answered
Your Score History
You have not taken this quiz